01190nam a22002537a 4500003000500000008004100005040000800046041001300054082001300067100004000080245003000120250002600150260005200176300003200228336002700260337003300287338002900320505021500349650002700564942001400591952015700605952015700762999001700919BPGM260618e1997 mx cbeog |||| 001 0 spa d bspa aspahspa042900a029 aMANCILLA CAMACHO, APOLINAR eAUTOR  aMUNICIPIO DE ARROYO SECO  aPRIMERA EDICIONb1997 aMEXICO bGOBIERNO DEL ESTADO DE QUERETAROc1997 a83 paginas c21 cm x 14 cm  2rdacontentatextobtxt 2rdamediaasin mediaciónbn 2rdacarrieravolumen bnc aEs una monografía que ofrece un recorrido histórico, cultural y social por este municipio de la Sierra Gorda, destacando su identidad indígena, su riqueza natural y su papel dentro de la región serrana. 2GEOGRAFÍA E HISTORIA 2ddccCOLQ 00102ddc40728ESPQaBPCEFCbBPCEFCcSALA QUERÉTARO ACCESO B PLANTA ALTAd2026-06-18eDBG l0o900/029r2026-06-18 20:25:38tEJ 1 w2026-06-18yCOLQ 00102ddc40728ESPQaBPCEFCbBPCEFCcSALA QUERÉTARO ACCESO B PLANTA ALTAd2026-06-18eDBG l0o900/029r2026-06-18 20:25:38tEJ 2 w2026-06-18yCOLQ c68640d68640